000
00321nam a2200145Ia 4500
008
191201s2008 xx 000 0 und d
082
_a
331.1SII
100
_a
SINGH,S.P
245
0
_a
Industrial Relations
250
_a
1st
260
_a
N. Delhi
_b
AITBS Pub.
_c
2008
300
_a
325
650
_a
BBA
942
_2
ddc
_c
BK
999
_c
4870
_d
4870